000 01556nam a2200301 c 4500
001 000001753
003 RuMoIPM
005 20260507120024.0
008 121112s2003 ru a||p|||||||||||||rus d
020 _a5-329-00163-3
020 _a5-93156-024-6
035 _a(RuMoIPM Bibliobus) 001958
040 _aRuMoIPM
_brus
_ercr
041 _arus
044 _aru
080 _a51(07)
245 0 0 _aСборник задач по математике для поступающих во втузы
_b[учебное пособие]
_cВ. К. Егерев, В. В. Зайцев, Б. А. Кордемский [и др.] ; Под ред. М. И. Сканави
250 _a6-е изд.
260 _aМосква
_bОНИКС 21 век
_bМир и Образование
_bАльянс-В
_c2003
300 _a608 с.
_bил.
500 _aАвт. указаны на обороте тит. л.
700 0 _aЕгерев, Виктор Константинович
700 0 _aЗайцев, Владимир Валентинович
700 0 _aКордемский, Борис Анастасьевич
700 0 _aСканави, Марк Иванович
_eавт.
_eред.
887 _aСборник задач по математике для поступающих во ВТУЗы: учеб. пособ. / Егерев В.К., Зайцев В.В. и др.; Сканави М.И. (ред.). — 6-е изд., М.: ОНИКС 21 век, Мир и образование, Альянс-В, 2003. — 608 с.: ил.
_2Bibliobus
942 _cBK
999 _c1753
_d1753